00402nam a2200169Ia 4500003000900000008004100009040001300050040001300063041000800076100002200084245007200106250000900178260002000187260000900207300001000216490000600226IT-RoPAU120407s9999 xx 000 0 und d aIT-RoPAU cIT-RoPAU aita aVladimir I. Lenin aChe fare? - L’imperialismo - Stato e rivoluzione - L’estremismo aRoma aEditori Riuniti c1970 c18 cm v1